000 00978nac a22002897a 4500
001 BR0000171
003 BR-BrBNA
005 20240105122333.0
008 230509b bl.|||m| |||| 00| 0 por d
040 _aBR-BrBNA
_bpor
_cBiblioteca Nacional de Agricultura
072 _aL02
090 _a5100 BR0000171
100 1 _aNunes, S.G.
100 1 _aSilva, J.M. da
110 1 _aCentro Nacional de Pesquisa de Gado de Corte, Campo Grande, MS (Brasil)
_91771
245 1 _aPotencial forrageiro da Bracharia humidicola cv. Llanero (ex B. dictyoneura)para a recria de equinos
260 3 _aCampo Grande, MS (Brasil):
_c1998.
300 _a10 p.
490 _aComunicado Tecnico - Centro Nacional de Pesquisa de Gado de Corte (Brazil)
_vno. 56
_xISSN 0100-7807
500 _a10 tables; 13 ref.
650 _aEquino
650 _aCapim Quicuio
650 _aRecria
650 _aGanho de Peso
909 _a202312
_bLúcia Elande
_c55
_dLúcia Elande
942 _2AGRIS
_n0
_cMS
999 _c290493
_d290493